| 000 | 00407nam a22001697a 4500 | ||
|---|---|---|---|
| 003 | NUST - PNEC | ||
| 005 | 20170116180835.0 | ||
| 008 | 150804b xxu||||| |||| 00| 0 eng d | ||
| 020 | _a0205117848 | ||
| 040 | _cLIBRARY | ||
| 082 | _a530 BLA | ||
| 100 |
_94902 _aBlatt, Frank J. |
||
| 245 |
_aPrinciples of physics _cFrank J. Blatt |
||
| 250 | _a3rd ed | ||
| 650 |
_94903 _aPhysics _xME |
||
| 942 |
_2ddc _cBK |
||
| 999 |
_c64177 _d64177 |
||